E93(第二神明道路)のIC - Statistics

General Stats
  • This quiz has been taken 42 times
  • The average score is 8 of 10
Answer Stats
第二神明道路 % Correct
SA 明石
100%
IC 須磨
90%
PA 垂水
90%
JCT/IC/PA 名谷
87%
IC 明石西
83%
IC 大蔵谷
80%
IC/JCT 伊川谷
80%
IC 玉津
77%
IC 大久保
77%
IC 高丸
73%
No matching quizzes found
Score Distribution
Percent of People with Each Score
Percentile by Number Answered
Your Score History
You have not taken this quiz